Statistics for 2022 Grammy Awards

Click here to take the quiz!

General Stats

  • This quiz has been taken 9 times
  • The average score is 9 of 20

Answer Stats

HintAnswer% Correct
Nominee- Best Rap Album: DrakeCertified Lover Boy
89%
Nominee- Best Rap Album: Kanye WestDonda
78%
Nominee- Best Melodic Rap Performance: Lil Nas X ft. Jack HarlowIndustry Baby
78%
Winner- Best Rap Album: Tyler, the CreatorCall Me If You Get Lost
67%
Winner- Best Melodic Rap Performance: Kanye West ft, The Weeknd & Lil BabyHurricane
67%
Nominee- Best Rap Performance: Cardi BUp
67%
Nominee- Best Rap Song: Saweetie ft. Doja CatBest Friend
56%
Nominee- Best Melodic Rap Performance: Doja CatNeed To Know
56%
Nominee- Best Rap Song: Baby Keem ft. Kendrick LamarFamily Ties
44%
Winner- Best Rap Performance: Baby Keem ft. Kendrick LamarFamily Ties
44%
Nominee- Best Rap Performance:Meg Thee StallionThot Shit
44%
Winner- Best Rap Song: Kanye West ft. Jay-ZJail
33%
Nominee- Best Rap Song: J. Cole ft. 21 Savage & MorrayMy Life
33%
Nominee- Best Rap Performance: J. Cole ft. 21 Savage & MorrayMy Life
33%
Nominee- Best Melodic Rap Performance: J. Cole ft. Lil BabyPride Is The Devil
33%
Nominee- Best Rap Album: J. ColeThe Off-Season
33%
Nominee- Best Rap Performance: Drake ft. Future & Young ThugWay Too Sexy
33%
Nominee- Best Rap Album: NasKing's Disease 2
22%
Nominee- Best Melodic Rap Performance: Tyler, the Creator ft. NBA Youngboy & Ty Dolla $ignWusYaName
22%
Nominee- Best Rap Song: DMX ft. Jay-Z & NasBath Salts
11%

Score Distribution

Percentile by Number Answered

Percent of People with Each Score

Your Score History

You have not taken this quiz